• mass-media

di Topical Term

Records bibliografici associati: 1

001 - CONTROL NUMBER

  • control field: 59815

003 - CONTROL NUMBER IDENTIFIER

  • control field:

005 - DATE AND TIME OF LATEST TRANSACTION

  • control field: 20230327124715.0

008 - FIXED-LENGTH DATA ELEMENTS

  • fixed length control field: 230327|| aca||aabn | a|a d

040 ## - CATALOGING SOURCE

  • Original cataloging agency:
  • Transcribing agency:

150 ## - HEADING--TOPICAL TERM

  • Topical term or geographic name entry element: mass-media

670 ## - SOURCE DATA FOUND

  • Source citation: Work cat.: ()209949: D'Amato Marina 59814, I teleroi. I personaggi, le storie, i miti della tv dei ragazzi, 2006
CREDITS: SOCIETA' SAN PAOLO Via A.Severo, 58 - ROMA (RM) & PERIODICI SAN PAOLO SRL Via Giotto, 36 MILANO & CISF Via Giotto, 36 MILANO & EDIZIONI SAN PAOLO SRL,  Piazza Soncino, 5 CINISELLO BALSAMO (MI) -- ITALY